| 000 | 00438nam a2200157 4500 | ||
|---|---|---|---|
| 001 | 110487 | ||
| 003 | ES-MaACL | ||
| 005 | 20230906185049.0 | ||
| 007 | t| | ||
| 008 | 061121s1961 sp r ||||1| spa d | ||
| 100 | 1 |
_aMolinari, Víctor Luis. _981976 |
|
| 245 | 1 | 0 |
_aCanciones para la promesa cumplida / _cVíctor Luis Molinari. |
| 260 |
_aVigo : _bGalaxia, _c1961. |
||
| 300 |
_a79 p. ; _c25 cm. |
||
| 852 |
_aES-MaACL _jC-20917 _bR.49174 |
||
| 999 |
_c110487 _d110487 |
||